|
|
|
|
| LEADER |
00000naa2a2200000 4500 |
| 001 |
380919 |
| 005 |
20231101062744.0 |
| 035 |
|
|
|a (RuTPU)RU\TPU\prd\2884
|
| 090 |
|
|
|a 380919
|
| 100 |
|
|
|a 20020409a2002 k y0rusy50 ca
|
| 101 |
0 |
|
|a rus
|
| 102 |
|
|
|a RU
|
| 200 |
1 |
|
|a Автоматизированный учебный центр - гарантия успеха
|f В. В. Потёмкин
|
| 225 |
1 |
|
|a 10 лет на рынке промышленной электроники
|
| 320 |
|
|
|a Библиогр.: 3 назв.
|
| 461 |
|
1 |
|0 (RuTPU)RU\TPU\prd\1687
|t Приборы и системы. Управление, контроль, диагностика
|o научно-технический и производственный журнал
|d 2000-
|
| 463 |
|
1 |
|0 (RuTPU)RU\TPU\prd\2116
|t № 1
|v С. 25-27
|d 2002
|
| 610 |
1 |
|
|a автоматизация
|
| 610 |
1 |
|
|a обучение
|
| 610 |
1 |
|
|a автоматизированные учебные центры
|
| 610 |
1 |
|
|a внедрение
|
| 700 |
|
1 |
|a Потёмкин
|b В. В.
|
| 801 |
|
1 |
|a RU
|b 63413507
|c 20020409
|g PSBO
|
| 801 |
|
2 |
|a RU
|b 63413507
|c 20121008
|g PSBO
|
| 942 |
|
|
|c BK
|